| 000 | 00526nam a2200181Ia 4500 | ||
|---|---|---|---|
| 008 | 100917s9999 xx 000 0 und d | ||
| 082 | _b15074 | ||
| 100 | _aसरस्वतीकुमार | ||
| 245 | _aमराठ्याची मुलगी | ||
| 260 |
_b--- _c1936 |
||
| 300 | _a190 | ||
| 365 | _b1 | ||
| 520 | _aकादंबरी | ||
| 630 | _aमराठ्याची मुलगी | ||
| 650 | _aकादंबरी | ||
| 730 | _aमराठ्याची मुलगी | ||
| 942 | _cBOOK | ||
| 999 |
_c620468 _d620465 |
||